Ars Electronica : facing the future : a survey of two decades
Αποθηκεύτηκε σε:
| Συγγραφή απο Οργανισμό/Αρχή: | |
|---|---|
| Άλλοι συγγραφείς: | |
| Μορφή: | Βιβλίο |
| Γλώσσα: | English |
| Δημοσίευση: |
Cambridge, Mass. :
MIT Press,
c1999.
|
| Σειρά: | Electronic culture--history, theory, practice
|
| Θέματα: | |
| Ετικέτες: |
Προσθήκη ετικέτας
Δεν υπάρχουν, Καταχωρήστε ετικέτα πρώτοι!
|
MARC
| LEADER | 00000cam a2200000 i 4500 | ||
|---|---|---|---|
| 001 | 1/32947 | ||
| 008 | 060731s1999 mau| ||| |||| ||eng|| | ||
| 020 | |a 0262041766 | ||
| 035 | |l 10084814 | ||
| 040 | |a GR-MyUa |b gre |e AACR2 | ||
| 041 | 0 | |a eng | |
| 082 | 7 | |a 776 |2 (22) | |
| 245 | 0 | 0 | |a Ars Electronica : |b facing the future : a survey of two decades / |c edited by Timothy Druckrey with Ars Electronica. |
| 260 | |a Cambridge, Mass. : |b MIT Press, |c c1999. | ||
| 300 | |a 449 σ. : |b εικ. ; |c 24 εκ. | ||
| 490 | 1 | |a (Electronic culture-history, theory, practice) | |
| 610 | 2 | 0 | |a Ars Electronica |x History. |
| 650 | 0 | |a Arts |x Data processing. | |
| 650 | 0 | |a Technology and the arts. | |
| 650 | 0 | |a Computer art. | |
| 700 | 1 | |a Druckrey, Timothy, |e edt | |
| 710 | 2 | |a Ars Electronica. | |
| 830 | 0 | |a Electronic culture--history, theory, practice | |
| 852 | |a INST |b SYROS |e 20060731 |h 776 ARS |p 005500004757 |q 005500004757 |t BK |y 0 | ||
| 901 | |a BIBL5-2006-2 | ||
| 920 | |a ΑΝΑΜΟΡΦΩΣΗ |b ΕΠΕΑΕΚ ΙΙ-ΤΜΣΠΣ |y Σύρος |z 2006-06 | ||
| 970 | |a Κοντού |b Παρασκευή |z 31/07/2006 | ||